Teaching boys who struggle in school (Record no. 219658)
[ view plain ]
| 000 -LEADER | |
|---|---|
| fixed length control field | 01711nam a2200337 a 4500 |
| 082 04 - DEWEY DECIMAL CLASSIFICATION NUMBER | |
| Classification number | 371.823/41 |
| 100 1# - MAIN ENTRY--AUTHOR NAME | |
| Personal name | Cleveland, Kathleen Palmer. |
| 245 10 - TITLE STATEMENT | |
| Title | Teaching boys who struggle in school |
| 260 ## - PUBLICATION, DISTRIBUTION, ETC. (IMPRINT) | |
| Place of publication | Alexandria, Va. : |
| Name of publisher | ASCD, |
| Year of publication | c2011. |
| 300 ## - PHYSICAL DESCRIPTION | |
| Number of Pages | ix, 233 p. : |
| Other physical details | ill., port. |
| 505 0# - FORMATTED CONTENTS NOTE | |
| Formatted contents note | Framing the issue of underachievement -- The pictures within the picture : the style dynamic -- The invisible background: cultural influences on masculine identity building -- A long-term, integrated, multifaceted approach -- Pathway no. 1: support -- Pathway no. 2: guide -- Pathway no. 3: reinforce -- Pathway no. 4: adjust -- Pathway no. 5: ignite -- Pathway no. 6: empower. |
| 650 #0 - SUBJECT ADDED ENTRY--TOPICAL TERM | |
| Topical Term | Boys |
| Topical Term | Underachievers |
| Topical Term | Academic achievement. |
| 856 40 - ELECTRONIC LOCATION AND ACCESS | |
| Uniform Resource Identifier | http://site.ebrary.com/lib/rucke/Doc?id=10471838 |
No items available.
